El Vent : energia eòlica a Catalunya energia eòlica a Catalunya
Publicado:
[Barcelona] :
Generalitat de Catalunya, Departament d'Indústria i Energia, Direcció General de Política Energètica ,
1983
Descripción Física:
55 p. : il. ; 30 cm
Colección:
Noves energies
Otros Autores:
Catalunya. Direcció General de Política Energètica
Materias:
Energia eòlica -- Catalunya
MARC
| LEADER | 00000nam a2200000Ia 4500 | ||
|---|---|---|---|
| 001 | 1294 | ||
| 008 | 160829s1983 xx 000 0 cat d | ||
| 080 | |a C-2-140 | ||
| 245 | |a El Vent : |b energia eòlica a Catalunya | ||
| 260 | |a [Barcelona] : |b Generalitat de Catalunya, Departament d'Indústria i Energia, Direcció General de Política Energètica, |c 1983 | ||
| 300 | |a 55 p. : |b il. ; |c 30 cm | ||
| 490 | |a Noves energies | ||
| 650 | |a Energia eòlica |x Catalunya |9 36393 | ||
| 700 | |a Catalunya. Direcció General de Política Energètica |9 19816 | ||
| 901 | |a Arxiu | ||
| 942 | |n 1 | ||
| 952 | |0 0 |1 0 |4 0 |6 C2140 |7 1 |9 41330 |a Arxiu |b Arxiu |d 2016-12-01 |l 0 |o C-2-140 |p 1294 |r 2016-12-01 00:00:00 |w 2016-12-01 |y ARXIU | ||
| 999 | |c 43138 |d 43138 | ||